PLL Relationship Chan Quiz Stats

 Plays Quiz not verified by Sporcle

Score 0/16 Timer 10:00
0 Plays Today
Hint Answer % Correct
Ate her fellings after parents divorcedHanna Marin
99.3%
Her boyfriendCaleb Rivers
97.6%
Saw ______'s dad kissing his studentAria Mongomery
94.7%
His girlfriendSpencer Hastings
93.5%
Her boyfriendEzra Fitz
93.3%
his student thats gayEmily Fields
92.6%
Her sisterMelissa Hastings
92.1%
Her girlfriendPaige
89.8%
Hint Answer % Correct
Her stepbrotherToby Cavanaghn
89.7%
Her ex boyfriendIan
89.7%
DatedAlison DiLaurentis
88.9%
He helped ______ at first.Jenna Cavanaghn
87%
He quit _______' ArmyMona Vanderwaal
80.6%
All are stalked byA
72.1%
Her boyfriendMike Montgomery
66.2%
Almost joined ______'s ArmyLucas
52.2%

You're not logged in!

Compare scores with friends on all Sporcle quizzes.
OR
Log In

Sporcle TV

Today on Sporcle TV


Watch our educational content, quiz creation guides, and fun videos on Sporcle TV.

Show Comments

Extras

Created Jan 9, 2015ReportNominate
Tags:chan, pll, relationship

Top Quizzes Today


Score Distribution

Your Account Isn't Verified!

In order to create a playlist on Sporcle, you need to verify the email address you used during registration. Go to your Sporcle Settings to finish the process.

Report this User

Report this user for behavior that violates our Community Guidelines.

Details: